000 01255nam a22003377a 4500
001 BR2015004563
003 BR-BrBNA
005 20230928104717.0
007 ta
008 230509b bl.||||| |||| 00| 0 por d
040 _aBR-BrBNA
_bpor
_cBiblioteca Nacional de Agricultura
041 _a(Por)
072 _aP06
090 _ P06 BR2015004563
100 1 _aCastro Neto, P. (ed.)
100 1 _aFraga, A.A. (ed.)
100 1 _aMenezes, R.S. (ed.)
100 1 _aRamos, G. de L. (ed.)
110 1 _aUniversidade Federal de Lavras, MG (Brasil)
111 1 _a4. Congresso da Rede Brasileira de Tecnologia de Biodiesel7. Congresso Brasileiro de Plantas Oleaginosas, Óleos, Gorduras e Biodiesel
_cBelo Horizonte, MG (Brazil)
_d05-08 Oct 2010
245 1 _aAnais do 4. congresso da rede brasileira de tecnologia de biodieselAnais do 7. congresso brasileiro de plantas oleaginosas, óleos, gorduras e biodiesel. Biodiesel: inovação tecnológicas e qualidade
_bArtigos Científicos
260 3 _aBelo Horizonte, MG (Brasil):
_c2010.
300 _av.1-3
650 _aBIOCOMBUSTÍVEL
650 _aPESQUISA
650 _aPRODUÇÃO
650 _aINOVAÇÃO
650 _aTECNOLOGIA
909 _a202309
_bLucia
_c55
_dLucia Elande
942 _cBK
999 _c81327
_d81327